| Tag |
First Indicator |
Second Indicator |
Subfields |
| LEADER |
00000cas a2200000 4500 |
| 001 |
in00000197635 |
| 005 |
20151009051712.0 |
| 008 |
780413d19731976dcuuu1p 0uuua0eng d |
| 010 |
|
|
|a sn 79001949
|
| 012 |
|
|
|e n
|
| 022 |
0 |
|
|a 0091-9268
|
| 035 |
|
|
|a (OCoLC)03798903
|
| 035 |
|
|
|9 AAV7137AM
|
| 037 |
|
|
|b Dept. of Medical and Public Affairs, George Washington University Medical Center, 2001 S St. NW, Washington, DC, 20009
|
| 040 |
|
|
|a IAZ
|c IAZ
|d HUL
|d NSD
|d VRC
|d NSD
|d TXA
|d UtOrBLW
|
| 042 |
|
|
|a nsdp
|
| 049 |
|
|
|a TXAE
|
| 060 |
|
0 |
|a W1 PO671K
|
| 090 |
|
|
|a HQ763
|b .P66 ser. C
|
| 222 |
|
0 |
|a Population report. Series C. Sterilization (female)
|
| 245 |
0 |
0 |
|a Population reports.
|n Series C,
|p [Female] Sterilization.
|
| 246 |
3 |
0 |
|a [Female] Sterilization
|
| 247 |
0 |
0 |
|a Population report.
|n Series C:
|p [Female] Sterilization
|
| 264 |
|
1 |
|a Washington, D.C. :
|b Population Information Program, Dept. of Medical and Public Affairs, George Washington University Medical Center,
|c [1973-1976]
|
| 300 |
|
|
|a 7 numbers :
|b illustrations
|
| 336 |
|
|
|a text
|b txt
|2 rdacontent
|
| 337 |
|
|
|a unmediated
|b n
|2 rdamedia
|
| 338 |
|
|
|a volume
|b nc
|2 rdacarrier
|
| 362 |
0 |
|
|a no. 1 (Jan. 1973)-no. 7 (May 1976)
|
| 650 |
|
0 |
|a Sterilization (Birth control)
|
| 710 |
2 |
|
|a George Washington University.
|b Medical Center.
|
| 710 |
2 |
|
|a George Washington University.
|b Department of Medical and Public Affairs.
|
| 948 |
|
|
|a t1
|
| 999 |
|
|
|a MARS
|
| 999 |
f |
f |
|s 700e6f01-2d84-3c49-b75d-792ec2b45c5b
|i 00a5faff-c9f5-37b6-9b57-c1d919cf5337
|t 0
|
| 952 |
f |
f |
|p ric
|a Texas A&M University
|b Rellis Campus
|c Joint Library Facility
|d Remote Storage
|t 0
|e HQ763 .P66 ser. C
|h Library of Congress classification
|i unmediated -- volume
|k no.1-no.7
|l 1973-1976
|m A14852593251
|
| 998 |
f |
f |
|a HQ763 .P66 ser. C
|s no.1 (1973:Jan.)-no.7 (1976:May)
|t 0
|l Remote Storage
|